000
00285 a2200145 4500
001
165466
020
_a
040
_c
Magnum
100
_a
Anderson, Bob
240
1
0
_a
Alongue-se
_l
por
245
1
0
_a
Alongue-se
362
0
_a
1899
697
_a
CIENCIAS MEDICAS SAUDE
942
_c
BK
999
_c
165466
_d
165466